书目信息 |
| 题名: |
农作物病虫害彩色图册
|
|
| 作者: | ;植保员手册编绘组 编绘 | |
| 分册: | ||
| 出版信息: | 上海 上海人民出版社 1973 |
|
| 页数: | 1册 | |
| 开本: | 19cm | |
| 丛书名: | ||
| 单 册: | ||
| 中图分类: | S43-64 | |
| 科图分类: | ||
| 主题词: | 作物--病虫害--图集 | |
| 电子资源: | ||
| ISBN: | 16171.73 | |
| 000 | 00736cam0 2200241 450 | |
| 001 | 0105512421 | |
| 005 | 20080128092800.0 | |
| 010 | @a16171.73@dCNY2.80 | |
| 091 | @a16171.73@dCNY2.80 | |
| 100 | @a19960321d1973 em y0chiy0110 ea | |
| 101 | 0 | @achi |
| 102 | @aCN@b310000 | |
| 105 | @aa z 000yy | |
| 106 | @ar | |
| 200 | 1 | @a农作物病虫害彩色图册@9Nong Zuo Wu Bing Chong Hai Cai Se;Shai Tu Ce @e合订本@f《植保员手册》编绘组编绘@b专著 |
| 210 | @a上海@c上海人民出版社@d1973 | |
| 215 | @a1册@c彩图@d19cm | |
| 606 | 0 | @a作物@x病虫害@x图集 |
| 690 | @aS43-64@v3 | |
| 711 | 02 | @a植保员手册编绘组@9zhi bao yuan shou ce bian hui zu@4编绘 |
| 801 | 0 | @aCN@b广东省中山图书馆 |
| 801 | 2 | @aCN@bAiZhiMarc |
| 905 | @aBZT@dS43@e401@f1@sS43/401 | |
| 农作物病虫害彩色图册:合订本/《植保员手册》编绘组编绘.-上海:上海人民出版社,1973 |
| 1册:彩图;19cm |
| ISBN 16171.73:CNY2.80 |
| ● |
| 相关链接 |
|
|
|
正题名:农作物病虫害彩色图册
索取号:S43/401
 
预约/预借
| 序号 | 登录号 | 条形码 | 馆藏地/架位号 | 状态 | 备注 |
| 1 | 2000101566 | 2000101566 | 旧书回溯/ [索取号:S43/401] | 在馆 |